000 01187nam0a22002651 4500
001 rc\901442
005 20041129094413.6
035 _a(NLR Aleph) 006077001
090 _a5057208
_c5057208
100 _a20041129d1983 u |0rusy50 ca
101 0 _arus
102 _aRU
105 _aa |||||||||
200 1 _aРазвитие конструкций передних осей колесных универсально-пропашных тракторов
_f[В.В. Дакимович, В.В. Жук, Х.Н. Максутов и др.]
210 _aМ.
_cЦНИИТЭИтракторосельхозмаш
_d1983
215 _a36 с.
_cил.
_d21
225 1 _aОбзорная информация
_fЦНИИ информ. и техн.-экон. исслед. по тракт. и с.-х. машиностроению
_iСерия "Тракторы и двигатели"
_vВып. 9
300 _aВ надзаг. также: М-во тракт. и с.-х. машиностроения
320 _aБиблиогр.: с. 35
701 1 _aДакимович
_bВ. В.
801 0 _aRU
_bNLR
_gpsbo
801 1 _aRU
_bELAR
_2rusmarc
852 _aNLR
_jП13/1574
942 _cBOOK
980 _aNB